Jordan : Staff Report for the 2014 Article IV Consultation, Third and Fourth Reviews Under the Stand-By Arrangement, Request for Waivers of Nonobservance of Performance Criterion and Applicability of Performance Criteria.

This paper focuses on Jordan's 2014 Article IV Consultation, Third and Fourth Reviews Under the Stand-By Arrangement (SBA), Request for Waivers of Nonobservance of Performance Criterion (PC) and Applicability of PCs. The program is broadly on track and, looking forward, will focus on deep tax r...

ver descrição completa

Detalhes bibliográficos
Autor Corporativo: International Monetary Fund. Middle East and Central Asia Dept
Formato: Periódico
Idioma:English
Publicado em: Washington, D.C. : International Monetary Fund, 2014.
Colecção:IMF Staff Country Reports; Country Report ; No. 2014/152
Acesso em linha:Full text available on IMF
LEADER 01903cas a2200241 a 4500
001 AALejournalIMF014439
008 230101c9999 xx r poo 0 0eng d
020 |c 5.00 USD 
020 |z 9781498395137 
022 |a 1934-7685 
040 |a BD-DhAAL  |c BD-DhAAL 
110 2 |a International Monetary Fund.  |b Middle East and Central Asia Dept. 
245 1 0 |a Jordan :   |b Staff Report for the 2014 Article IV Consultation, Third and Fourth Reviews Under the Stand-By Arrangement, Request for Waivers of Nonobservance of Performance Criterion and Applicability of Performance Criteria. 
264 1 |a Washington, D.C. :  |b International Monetary Fund,  |c 2014. 
300 |a 1 online resource (109 pages) 
490 1 |a IMF Staff Country Reports 
500 |a <strong>Off-Campus Access:</strong> No User ID or Password Required 
500 |a <strong>On-Campus Access:</strong> No User ID or Password Required 
506 |a Electronic access restricted to authorized BRAC University faculty, staff and students 
520 3 |a This paper focuses on Jordan's 2014 Article IV Consultation, Third and Fourth Reviews Under the Stand-By Arrangement (SBA), Request for Waivers of Nonobservance of Performance Criterion (PC) and Applicability of PCs. The program is broadly on track and, looking forward, will focus on deep tax reform. All end-2013 targets were met. The central government is expected to meet its end-March 2014 target, but the combined public sector deficit will be missed because of temporary shortfalls in gas delivery from Egypt. International reserves have continued to over-perform through March. The IMF staff supports the completion of the third and fourth reviews. 
538 |a Mode of access: Internet 
830 0 |a IMF Staff Country Reports; Country Report ;  |v No. 2014/152 
856 4 0 |z Full text available on IMF  |u http://elibrary.imf.org/view/journals/002/2014/152/002.2014.issue-152-en.xml  |z IMF e-Library